Statistics for Countries Bruno Mars has visited

Click here to take the quiz!

General Stats

  • This quiz has been taken 78 times
    (31 since last reset)
  • The average score is 34 of 44

Answer Stats

ContinentCountry% Correct
South AmericaBrazil
100%
EuropeUnited Kingdom
96%
North AmericaCanada
92%
AsiaJapan
92%
North AmericaUnited States of America
92%
South AmericaArgentina
88%
AsiaChina
88%
EuropeGermany
88%
North AmericaMexico
88%
South AmericaPeru
88%
OceaniaAustralia
84%
South AmericaChile
84%
EuropeFrance
84%
EuropeItaly
84%
AsiaSouth Korea
84%
EuropeSpain
84%
EuropeAustria
80%
EuropeBelgium
80%
South AmericaColombia
80%
AsiaIndonesia
80%
EuropePoland
80%
EuropePortugal
80%
EuropeSweden
80%
EuropeSwitzerland
80%
Europethe Netherlands
80%
EuropeFinland
76%
EuropeHungary
76%
EuropeNorway
76%
AsiaThailand
76%
EuropeDenmark
72%
EuropeIreland
72%
EuropeCzech Republic
68%
South AmericaEcuador
68%
AsiaMalaysia
68%
OceaniaNew Zealand
68%
AsiaTaiwan
68%
Asiathe Philippines
68%
North AmericaCosta Rica
64%
AsiaSaudi Arabia
64%
AsiaSingapore
64%
North AmericaDominican Republic
60%
North Americathe Bahamas
60%
EuropeLuxembourg
52%
AfricaMorocco
52%

Score Distribution

Percentile by Number Answered

Percent of People with Each Score

Your Score History

You have not taken this quiz since the last reset